Online
Catalog

Ley minera de la República Dominicana y regulaciones ambientales relacionadas = Mining law of the Dominican Republic and regulations relative to the environment. (Record no. 15433)

MARC details
000 -CABECERA
campo de control de longitud fija 02430nam a2200289 a 4500
001 - NÚMERO DE CONTROL
campo de control 000015891
005 - FECHA Y HORA DE LA ÚLTIMA TRANSACCIÓN
campo de control 20200929164206.0
008 - DATOS DE LONGITUD FIJA--INFORMACIÓN GENERAL
campo de control de longitud fija 100222s1997 dr 001 0 spa d
040 ## - FUENTE DE LA CATALOGACIÓN
Centro catalogador/agencia de origen DO-SdBNP
Lengua de catalogación spa
Centro/agencia transcriptor BNPHU
041 17 - CÓDIGO DE LENGUA
Código de lengua del texto/banda sonora o título independiente spa
Código de lengua del sumario o resumen eng
082 ## - NÚMERO DE LA CLASIFICACIÓN DECIMAL DEWEY
Número de clasificación 343.077
Número de documento/Ítem R426L
110 2# - ENTRADA PRINCIPAL--NOMBRE DE ENTIDAD CORPORATIVA
Nombre de entidad corporativa o nombre de jurisdicción como elemento de entrada República Dominicana.
9 (RLIN) 447
240 10 - TÍTULO UNIFORME
Título uniforme [Leyes, etc.]
245 10 - MENCIÓN DE TÍTULO
Título Ley minera de la República Dominicana y regulaciones ambientales relacionadas = Mining law of the Dominican Republic and regulations relative to the environment.
246 11 - FORMA VARIANTE DE TÍTULO
Título propio/Titulo breve Mining law of the Dominican Republic and regulations relative to the environment
260 ## - PUBLICACIÓN, DISTRIBUCIÓN, ETC.
Lugar de publicación, distribución, etc. Santo Domingo :
Nombre del editor, distribuidor, etc. Russin, Vecchi & Heredia Bonetti,
Fecha de publicación, distribución, etc. 1997.
300 ## - DESCRIPCIÓN FÍSICA
Extensión 341 p. ;
Dimensiones 23 cm.
505 0# - NOTA DE CONTENIDO CON FORMATO
Título Ley Nº. 146 Ley Minera de la República Dominicana --
-- Dec. Nº. 155-87 Decreto que crea e integra la Comisión Nacional para el Medio Ambiente --
-- Ley Nº. 5856 Conservación Forestal y Árboles Frutales
-- Ley Nº. 67 Ley que crea la Dirección Nacional de Parques --
-- Ley Nº. 112-87 Ley que establece el Servicio Forestal Obligatorio --
-- Ley Nº. 290 Ley sobre incentivo al desarrollo forestal
-- Ley Nº. 291 Ley que modifica las Leyes 211 y 705 de 1967 y 1982 respectivamente --
-- Ley Nº. 632 Ley que prohíbe el corte o la tala de árboles o matas en las cabeceras de los ríos y arroyos que nutren las cuencas hidrográficas de todo el país --
-- Ley Nº. 487 Control de la explotación y conservación de las aguas subterráneas --
-- Dec. Nº. 226-90 Decreto que prohíbe la descarga de desperdicios y desechos químicos y orgánicos en las corrientes de los ríos y sus afluentes en todo el país --
-- Ley Nº. 218
-- Dec. Nº. 297-87 Decreto que declara Patrimonio Natural de la Nación, todas las cuevas, cavernas y demás cavidades subterráneas situadas en el territorio nacional --
-- Ley Nº. 564 Ley para la protección y preservación de los objetos etnológicos y arqueológicos nacionales --
-- Reg. Nº. 807 Reglamento sobre Higiene y Seguridad Industrial
590 ## - NOTA LOCAL (RLIN)
Nota local Inventariado, 2018/VM
650 #4 - PUNTO DE ACCESO ADICIONAL DE MATERIA--TÉRMINO DE MATERIA
Término de materia o nombre geográfico como elemento de entrada Derecho minero
Subdivisión general Legislación
9 (RLIN) 29624
650 #4 - PUNTO DE ACCESO ADICIONAL DE MATERIA--TÉRMINO DE MATERIA
Término de materia o nombre geográfico como elemento de entrada Minas
Subdivisión general Legislación
9 (RLIN) 35769
650 #4 - PUNTO DE ACCESO ADICIONAL DE MATERIA--TÉRMINO DE MATERIA
Término de materia o nombre geográfico como elemento de entrada Protección del medio ambiente
Subdivisión general Legislación
9 (RLIN) 34341
650 #4 - PUNTO DE ACCESO ADICIONAL DE MATERIA--TÉRMINO DE MATERIA
Término de materia o nombre geográfico como elemento de entrada Minería a cielo abierto
Subdivisión general Aspectos ambientales
-- Legislación
9 (RLIN) 35770
651 #4 - PUNTO DE ACCESO ADICIONAL DE MATERIA--NOMBRE GEOGRÁFICO
Nombre geográfico República Dominicana
Subdivisión general Leyes
9 (RLIN) 16541
651 #4 - PUNTO DE ACCESO ADICIONAL DE MATERIA--NOMBRE GEOGRÁFICO
Nombre geográfico República Dominicana
Subdivisión general Ley 146
9 (RLIN) 35771
910 ## - DATOS DE OPCIÓN DEL USUARIO (OCLC)
Datos de opción del usuario Validado. Control de calidad EMS
Holdings
Estado de retiro Estado de pérdida No para préstamo Código de colección Localización permanente Ubicación/localización actual Ubicación en estantería Fecha de adquisición Número de inventario Total de préstamos Signatura topográfica completa Código de barras Fecha visto por última vez Precio válido a partir de Tipo de ítem Koha Número de copia
    Excluido de préstamo Patrimonio Dominicano Patrimonio Dominicano Patrimonio Dominicano Depósito 22.02.2010 LF1   343.077 R426L 15891-10 25.06.2020 25.06.2020 Libro y Folleto Colección Patrimonio Dominicano  
    Excluido de préstamo Patrimonio Dominicano Patrimonio Dominicano Patrimonio Dominicano Depósito 22.02.2010 LF1   343.077 R426L 15891-20 25.06.2020 25.06.2020 Libro y Folleto Colección Patrimonio Dominicano e. 2

Powered by Koha